Statystyki dla Największe aglomeracje w Wenezueli

Kliknij tutaj aby rozwiązać quiz!

Ogólne statystyki

  • Ten quiz został rozwiązany 45 razy
  • Średni wynik to 4 z 10

Statystyki odpowiedzi

MiejsceMieszkańcyNazwa% Poprawnych
1.3 140 076Aglomeracja Caracas
100%
2.2 314 392Aglomeracja Maracaibo
53%
6.734 872Aglomeracja Barcelońska
35%
7.706 736Aglomeracja Ciudad Guayana
33%
4.1 396 322Aglomeracja Walencyjska
33%
3.1 578 430Aglomeracja Barquisimeto
28%
9.542 259Aglomeracja Maturín
23%
10.418 948Aglomeracja Barinas
21%
5.1 140 985Aglomeracja Maracay
19%
8.563 500Aglomeracja San Cristóbal
14%

Rozkład punktacji

Percentyl według liczby udzielonych odpowiedzi

Procent ludzi z każdym wynikiem

Twoja historia wyników

Nie rozwiązałeś tego quizu